LEADER 01072nam0-22003491i-450- 001 990001327910403321 005 20050623173056.0 010 $a0-582-08065-7 035 $a000132791 035 $aFED01000132791 035 $a(Aleph)000132791FED01 035 $a000132791 100 $a20001205d1992----km-y0itay50------ba 101 0 $aeng 200 1 $aOptimization and nonlinear analysis$feditors A. Ioffe, M. Marcus and S. Reich 210 $aHarlow (UK)$cLongman$dc1992 215 $a315 p.$d24 cm 225 1 $aPitman research notes in mathematics series$v244 610 0 $aOttimizzazione matematica$aCongressi 610 0 $aAnalisi funzionale non lineare$aCongressi 610 0 $aEquazioni differenziali ellittiche$aCongressi 676 $a519.4 702 1$aIoffe,$bAleksandr Davidovich 702 1$aMarcus,$bM. 702 1$aReich,$bS. 801 0$aIT$bUNINA$gRICA$2UNIMARC 901 $aBK 912 $a990001327910403321 952 $aC-2-(244$b11837$fMA1 959 $aMA1 996 $aOptimization and nonlinear analysis$9376341 997 $aUNINA LEADER 01000nam 2200361 450 001 9910823284903321 005 20230808200059.0 010 $a0-8308-7308-2 035 $a(CKB)3710000000907484 035 $a(MiAaPQ)EBC4751241 035 $a(DLC) 2016040674 035 $a(EXLCZ)993710000000907484 100 $a20160829h20162016 uy| 0 101 0 $aeng 135 $aurcnu|||||||| 181 $2rdacontent 182 $2rdamedia 183 $2rdacarrier 200 14$aThe mestizo Augustine $ea theologian between two cultures /$fJusto L. Gonza?lez 210 1$aDowners Grove :$cInterVarsity Press,$d[2016] 210 4$d©2016 215 $a1 online resource (180 pages) 300 $aIncludes index. 311 $a0-8308-5150-X 676 $a230/.14092 700 $aGonza?lez$b Justo L.$01600366 801 0$bMiAaPQ 801 1$bMiAaPQ 801 2$bMiAaPQ 906 $aBOOK 912 $a9910823284903321 996 $aThe mestizo Augustine$93923420 997 $aUNINA LEADER 03071nas 2200973-a 450 001 9910263953603321 005 20230301213019.0 011 $a1931-5872 035 $a(OCoLC)67246954 035 $a(CKB)1000000000224200 035 $a(CONSER)--2006213768 035 $a(DE-599)ZDB2460246-2 035 $a(EXLCZ)991000000000224200 100 $a20060420a20089999 --- a 101 0 $aeng 135 $aurcnu|||||||| 181 $ctxt$2rdacontent 182 $cc$2rdamedia 183 $acr$2rdacarrier 200 10$aJournal of mental health research in intellectual disabilities 210 $aPhiladelphia, PA $cRoutledge, Taylor & Francis Group 300 $aRefereed/Peer-reviewed 311 $a1931-5864 517 1 $aJMHRID 531 $aJOURNAL OF MENTAL HEALTH RESEARCH IN DEVELOPMENTAL DISABILITY 531 $aJ MENT HEALTH RES INTELLECT DISABIL 531 $aJ MENT HEALTH RES IN 606 $aIntellectual disability$vPeriodicals 606 $aPsychiatry$xResearch$vPeriodicals 606 $aAutism$xResearch$vPeriodicals 606 $aMental illness 606 $aResearch 606 $aMental Disorders 606 $aDevelopmental Disabilities 606 $aGenotype 606 $aAutistic Disorder 606 $aResearch 606 $aDéficience intellectuelle$vPériodiques 606 $aPsychiatrie$xRecherche$vPériodiques 606 $aAutisme$xRecherche$vPériodiques 606 $aMaladies mentales 606 $aGénotypes 606 $aRecherche 606 $amental disorders$2aat 606 $aresearch (function)$2aat 606 $aResearch$2fast$3(OCoLC)fst01095153 606 $aMental illness$2fast$3(OCoLC)fst01016547 606 $aAutism$xResearch$2fast$3(OCoLC)fst00822494 606 $aIntellectual disability$2fast$3(OCoLC)fst01016625 606 $aPsychiatry$xResearch$2fast$3(OCoLC)fst01081179 608 $aPeriodical 608 $aperiodicals.$2aat 608 $aPeriodicals.$2fast 608 $aPeriodicals.$2lcgft 608 $aPériodiques.$2rvmgf 615 0$aIntellectual disability 615 0$aPsychiatry$xResearch 615 0$aAutism$xResearch 615 0$aMental illness. 615 0$aResearch. 615 2$aMental Disorders 615 2$aDevelopmental Disabilities 615 2$aGenotype 615 2$aAutistic Disorder 615 2$aResearch 615 6$aDéficience intellectuelle 615 6$aPsychiatrie$xRecherche 615 6$aAutisme$xRecherche 615 6$aMaladies mentales. 615 6$aGénotypes. 615 6$aRecherche. 615 7$amental disorders. 615 7$aresearch (function) 615 7$aResearch. 615 7$aMental illness. 615 7$aAutism$xResearch. 615 7$aIntellectual disability. 615 7$aPsychiatry$xResearch. 676 $a616 712 02$aNational Association for the Dually Diagnosed. 906 $aJOURNAL 912 $a9910263953603321 996 $aJournal of mental health research in intellectual disabilities$92426354 997 $aUNINA